Introduction to the Study of New Testament Greek (Record no. 5462)

MARC details
000 -LEADER
fixed length control field 00632nam a2200241 a 4500
020 ## - INTERNATIONAL STANDARD BOOK NUMBER
ISBN
082 00 - DEWEY DECIMAL CLASSIFICATION NUMBER
Classification number 225.48
Author Cutter MOU
100 ## - MAIN ENTRY--AUTHOR NAME
Author name Moulton, J H
245 ## - TITLE STATEMENT
Title Introduction to the Study of New Testament Greek
260 ## - PUBLICATION, DISTRIBUTION, ETC. (IMPRINT)
Place of publication London
Name of publisher Epworth Press
Year of publication 1947
300 ## - PHYSICAL DESCRIPTION
Number of Pages 260p
500 ## - GENERAL NOTE
General note includes index and biblioraphy
505 2# - FORMATTED CONTENTS NOTE
Formatted contents note Also Contains a First Reader in New Testament Greek.
650 ## - SUBJECT ADDED ENTRY--TOPICAL TERM
Topical Term Bible N.T. Greek
942 ## - ADDED ENTRY ELEMENTS (KOHA)
Koha item type
700 1# -
-- Moulton, J H
Holdings
Home library Current library Date acquired Cost, normal purchase price Full call number Accession Number Koha item type
Henry Martyn Institute Library Henry Martyn Institute Library 08/01/2007 100.00 225.48 MOU 6427 Archive Book
                   Copyright © 2026 | Henry Martyn Institute | Hyderabad | TS-500052 | INDIA | Implemented by hmi.edu.in
Hit-Count:

Powered by Koha